Odwrócone flagi państw świata - Statystyki

Ogólne statystyki
  • Ten quiz został rozwiązany 21 razy
  • Średni wynik to 13 z 17
Statystyki odpowiedzi
Obrazkowy Odpowiedź % Poprawnych
Kanada
94%
Ukraina
94%
Indonezja
89%
Watykan
89%
Malta
83%
Nowa Zelandia
83%
Ekwador
78%
Fidżi
72%
Liban
72%
Paragwaj
72%
Turkmenistan
72%
Zimbabwe
72%
Liberia
67%
Brunei
61%
Kiribati
61%
Saint Vincent i Grenadyny
61%
Surinam
50%
Nie znaleziono quizów pasujących do podanych kryteriów
Rozkład punktacji
Procent ludzi z każdym wynikiem
Percentyl według liczby udzielonych odpowiedzi
Twoja historia wyników
Nie rozwiązałeś tego quizu